| 000 | 00971nam a22002297a 4500 | ||
|---|---|---|---|
| 999 |
_c21965 _d21965 |
||
| 003 | AR-CdUCM | ||
| 008 | 190425b ||||| |||| 00| 0 spa d | ||
| 040 |
_aMUNICIPALIDAD PROVINCIAL DEL CUSCO _cBIBLIOTECA MUNICIPAL DEL CUSCO |
||
| 082 | _aEleconom/N°3/1992 | ||
| 110 |
_aUniversidad Nacional de San Antonio Abad del Cusco _915942 |
||
| 245 |
_aEl Economista / _cDirección del Programa Académico de Economía |
||
| 260 |
_aCusco : _bDirección del Programa Académico de Economía, _c1992. |
||
| 300 |
_a24 hojas. : _c29 cm. |
||
| 440 |
_aEl Economista. _nNúmero 3, año 1992 _947010 |
||
| 505 | _aContenido: Cuatro tesis sobre el problema andino. Manuel Lajo Lazo. -- Que nos ofrece la democracia en el Perú. Paliza. -- Las once constituciones políticas del Perú. Paliza. | ||
| 650 |
_aEconomía _9382 |
||
| 650 |
_aDemocracia peruana _944552 |
||
| 700 |
_aPaliza Gallegos, Luis Alberto _923827 |
||
| 942 |
_2ddc _cPP |
||
| 945 | _avhl | ||